| 000 | 00588cam a2200205ua 4500 | ||
|---|---|---|---|
| 001 | 9577 | ||
| 005 | 20260515114500.0 | ||
| 008 | 160224n ii |||gr||||Z||||||eng | ||
| 020 | _a9780199460885 | ||
| 040 | _cMAIN | ||
| 041 | _aeng | ||
| 082 | _a303.44 | ||
| 100 |
_aQadeer, Imrana, _eEditor. |
||
| 245 |
_aIndia social development report 2014 : _bchallenges of public health / _ced. by Imrana Qadeer . |
||
| 250 | _a1st ed. | ||
| 260 |
_a[s.l]: _bCouncil for social development, _c2015. _a[s.l]: _bOxford, _aNew Delhi: |
||
| 300 | _a320p. | ||
| 653 | _aSocial processes | ||
| 942 | _cBK | ||
| 999 |
_c8599 _d8599 |
||